[Event "Gelsenkirchen Koenigsspringer op"]
[Site "Gelsenkirchen"]
[Date "2019.12.28"]
[Round "4"]
[White "Benning, Martin"]
[Black "Hirsch, Dominik"]
[Result "1/2-1/2"]
[WhiteElo "1698"]
[BlackElo "1465"]
[PlyCount "60"]
[EventDate "2019.12.27"]
[EventType "swiss"]
[EventRounds "7"]
[EventCountry "GER"]
[SourceTitle "CBM 194 Extra"]
[Source "ChessBase"]
[SourceDate "2020.03.31"]
[SourceVersion "1"]
[SourceVersionDate "2020.03.31"]
[SourceQuality "1"]

1. e3 Nf6 2. c4 g6 3. Nc3 Bg7 4. Nf3 d6 5. d4 0-0 6. Bd3 Re8 7. e4 e5 8. d5 Rf8 9. Be3 Nh5 10. Qd2 f5 11. Bh6 f4 12. Bxg7 Kxg7 13. 0-0-0 Na6 14. Be2 Nf6 15. g3 Nc5 16. Qc2 Ng4 17. Rdf1 c6 18. h3 Nf6 19. Nd2 cxd5 20. cxd5 Ng8 21. h4 fxg3 22. fxg3 Rxf1+ 23. Rxf1 Bh3 24. Rf2 Nf6 25. Kb1 Ng4 26. Bxg4 Bxg4 27. Nf3 Bxf3 28. Rxf3 h6 29. Qf2 Qe7 30. g4 Rf8 1/2-1/2